| 000 | 00723nam a2200229 a 4500 | ||
|---|---|---|---|
| 001 | BRL_1917 | ||
| 005 | 20190320211432.0 | ||
| 008 | 180815s1912----au-#######---#000-0#ger-# | ||
| 041 | _agereng | ||
| 044 | _aau | ||
| 050 | 4 |
_aPE1129.G3 _b.N33 1912 |
|
| 100 | 1 |
_aNader, E. _928230 |
|
| 245 | 1 | 0 |
_aGrammatik der englischen sprache nebst aufsatzübungen und deutschen übungsstücken _cvon Dr. E. Nader und Dr. A. Würzner. |
| 260 |
_aWien _bAlfred Hölder _c1912 |
||
| 300 |
_avi, 221 p. _c23 cm. |
||
| 500 | _aAu2141 | ||
| 650 | 1 | 4 |
_aInglés _xLibro de lecturas - Alemán _928231 |
| 650 | 1 | 4 |
_aInglés _xGramática comparada y general - Alemán _928232 |
| 700 | 1 |
_aWürzner, A. _928233 |
|
| 902 | _aGRL | ||
| 942 |
_2lcc _cB |
||
| 999 |
_c10725 _d10725 |
||